000 00322 a2200097 4500
245 0 0 _aElementy półprzewodnikowe - Zarysy i wymiary PN-84/T-01503 /
_cMin. Przem. Maszynowego.
246 1 3 _aPN-84/T-01503
246 1 3 _a621.3.032:621.382
260 _aWarszawa :
_bMin. Przem. Maszynowego,
_c1984.
300 _a14 stron ;
_c30 cm.
650 _aPolska norma
999 _c21347
_d21347